| 000 | 01282nam a2200313 i 4500 | ||
|---|---|---|---|
| 001 | bg | ||
| 003 | BPK | ||
| 005 | 20191018141546.0 | ||
| 008 | 160524s1983 pl a f 001 0 pol | ||
| 015 | _aPB 1984/1492 | ||
| 020 | _a8302020427 | ||
| 040 |
_aWA N _cBPK |
||
| 041 | 1 |
_apol _heng |
|
| 080 | _a800/801:800::37 | ||
| 245 | 0 | 0 |
_aKurs edynburski językoznawstwa stosowanego. _nT. 2, _pTechniki w językoznawstwie stosowanym / _cred. John Patrick Brierly Allen, Stephen Pit Corder, Alan Davis ; red. wyd. Jan Rusiecki ; [tł. z ang.]. |
| 246 | 1 |
_iTyt. oryg.: _aEdinburgh course in applied linguistics. |
|
| 260 |
_aWarszawa : _bWydawnictwa Szkolne i Pedagogiczne, _c1983. |
||
| 300 |
_a383, [1] s. : _bil. ; _c24 cm. |
||
| 500 | _aTyt. oryg.: The Edinburgh course in applied linguistics. | ||
| 504 | _aBibliogr. s. 369-[372]. Indeks. | ||
| 650 | 4 |
_aJęzyki _xnauczanie. |
|
| 650 | 4 | _aJęzykoznawstwo | |
| 700 | 1 |
_aRusiecki, Jan _d(1926-2015). _eRed. |
|
| 700 | 1 |
_aCorder, Stephen Pit _d(1918- ). _eRed. |
|
| 700 | 1 |
_aAllen, John Patrick Brierly. _eRed. |
|
| 710 | 2 |
_aWydawnictwa Szkolne i Pedagogiczne. _4pbl. |
|
| 856 |
_uhttp://koha.tu.koszalin.pl/cgi-bin/koha/opac-detail.pl?biblionumber=22311 _yKatalog online BPK |
||
| 942 |
_2UKD _cKS |
||
| 999 |
_c22311 _d22311 |
||